000
00293nam a22001337a 4500
008
171027b xxu||||| |||| 00| 0 eng d
020
_a
0030595932
041
_a
eng
080
_2
3RD
_a
336
100
_a
55
101
_a
MEN
245
_a
FINANCIAL MANAGEMENT
_c
BRIGHAM,E.E
942
_2
udc
_c
BK
999
_c
35991
_d
35991